Who is it - Rock Singers - Statistics

General Stats
  • This quiz has been taken 621 times
  • The average score is 13 of 23
Answer Stats
Question Answer % Correct
The Rolling Stones
93%
Guns N' Roses
91%
The Police
89%
Megadeth
67%
Blondie
67%
Blur
64%
Hole
64%
The Offspring
62%
Pink Floyd
62%
Paramore
60%
Pearl Jam
58%
Heart
56%
The Killers
56%
The Who
51%
Yes
47%
Bill Haley & His Comets
47%
Nine Inch Nails
44%
Eagles
38%
Creedence Clearwater Revival
38%
Blink-182
36%
The Clash
36%
Weezer
33%
Arcade Fire
27%
No matching quizzes found
Score Distribution
Percent of People with Each Score
Percentile by Number Answered
Your Score History
You have not taken this quiz